| 000 | nam a22 7a 4500 | ||
|---|---|---|---|
| 999 |
_c234330 _d234330 |
||
| 005 | 20170317160505.0 | ||
| 008 | 170317b xxu||||| |||| 00| 0 eng d | ||
| 020 | _a0195110099 | ||
| 040 | _c. | ||
| 082 | _a621.3822 | ||
| 100 | _aLathi, B. P. | ||
| 245 |
_aModern Digital And Analog Communication Systems / _c B. P. Lathi |
||
| 250 | _a3rd ed. | ||
| 260 |
_aUSA, _bOxford Uni Press, _c1998. |
||
| 300 |
_a781 p. ; _c24 cm. |
||
| 942 |
_2ddc _cBK |
||